Revista Cuzco Histórico : (Record no. 21903)

000 -CABECERA
fixed length control field 01454nam a22002897a 4500
003 - IDENTIFICADOR DEL NÚMERO DE CONTROL
control field AR-CdUCM
008 - DATOS DE LONGITUD FIJA--INFORMACIÓN GENERAL
fixed length control field 190425b ||||| |||| 00| 0 spa d
040 ## - FUENTE DE LA CATALOGACIÓN
Agencia/entidad que catalogó originalmente la obra MUNICIPALIDAD PROVINCIAL DEL CUSCO
Entidad que transcribió la catalogación BIBLIOTECA MUNICIPAL DEL CUSCO
082 ## - NÚMERO DE LA CLASIFICACIÓN DECIMAL DEWEY
No. de Clasificación Rev.CuHis/N°1/1920
245 ## - MENCIÓN DE TÍTULO
Título Revista Cuzco Histórico :
Resto del título órgano de la Comisión Histórico Eclesiástica /
Mención de responsabilidad José Gabriel Cosío. Director
260 ## - PUBLICACIÓN, DISTRIBUCIÓN, ETC.
Lugar de publicación, distribución, etc. Cusco :
Nombre de la editorial, distribuidor, etc. Liga Sagrada,
Fecha de publicación, distribución, etc. 1920.
300 ## - DESCRIPCIÓN FÍSICA
Nº de Páginas Extensión 100 páginas. :
Dimensiones 22 cm.
440 ## - MENCIÓN DE SERIE/PUNTO DE ACCESO ADICIONAL--TÍTULO
Título Cuzco Histórico.
Número de la parte/sección de una obra Año I, N°1, julio 1920.
9 (RLIN) 46757
505 ## - NOTA DE CONTENIDO CON FORMATO
Nota de contenido formateada Contenido: Los monasterios del Cuzco. Fortunato L. Herrera. -- Apuntes de un viaje al Cuzco. José de la Riva Agüero. -- Episcopologio cusqueño. Juan Antonio Casanova. -- Actas inéditas del Cabildo cusqueño. -- El colegio de Educandas. Fidelia Mendoza. -- El nombre de Sicuani. Fidel M. Cosío. -- Heroísmo de Cahuide. Pedro Pizarro. -- El Ollantay, Usca Pauccar.
650 ## - PUNTO DE ACCESO ADICIONAL DE MATERIA--TÉRMINO DE MATERIA
Descriptor Historia del Cusco
9 (RLIN) 1714
650 ## - PUNTO DE ACCESO ADICIONAL DE MATERIA--TÉRMINO DE MATERIA
Descriptor Historia eclesiástica
9 (RLIN) 42856
650 ## - PUNTO DE ACCESO ADICIONAL DE MATERIA--TÉRMINO DE MATERIA
Descriptor Etimología Quechua
9 (RLIN) 46758
650 ## - PUNTO DE ACCESO ADICIONAL DE MATERIA--TÉRMINO DE MATERIA
Descriptor Literatura Quechua
9 (RLIN) 7789
700 ## - PUNTO DE ACCESO ADICIONAL--NOMBRE DE PERSONA
Nombre Personal Herrera, Fortunato
9 (RLIN) 45903
700 ## - PUNTO DE ACCESO ADICIONAL--NOMBRE DE PERSONA
Nombre Personal Cosío, José Gabriel
9 (RLIN) 11720
700 ## - PUNTO DE ACCESO ADICIONAL--NOMBRE DE PERSONA
Nombre Personal Casanova, Juan Antonio
9 (RLIN) 46549
700 ## - PUNTO DE ACCESO ADICIONAL--NOMBRE DE PERSONA
Nombre Personal De la Riva Agüero, José
9 (RLIN) 27860
700 ## - PUNTO DE ACCESO ADICIONAL--NOMBRE DE PERSONA
Nombre Personal Pizarro, Pedro
9 (RLIN) 12741
942 ## - ELEMENTOS DE PUNTO DE ACCESO ADICIONAL (KOHA)
Fuente de clasificación
Tipo de item Revistas cusqueñas
945 ## - PROCESAMIENTO DE INFORMACIÓN LOCAL (OCLC)
Catalogador rac
Holdings
Estado de retiro (separado) Fuente de clasificación o esquema de estanterías Estado dañado Ubicación Sala donde se ubica Nombre de la colección Fecha de adquisición o compra Costo, precio normal en soles Signatura topográfica Código de Barras Última vez visto (Koha) Tipo de ítem (Koha)
No     Sala Hemeroteca Sala Hemeroteca Book Cart 2021-10-04 10.00 Rev.CuHis/N°1/1920 REVC000684 2021-10-04 Revistas cusqueñas

Powered by Koha